| 000 | 00421nam a22001577a 4500 | ||
|---|---|---|---|
| 003 | CEME | ||
| 005 | 20210628205225.0 | ||
| 008 | 210216b xxu||||| |||| 00| 0 eng d | ||
| 040 | _c. | ||
| 082 | _a621.165 KEA'S | ||
| 100 |
_aKearton, W. J _974462 |
||
| 245 | _aSteam turbine theory and practice a textbook for engineering studies | ||
| 260 |
_aDELHI _bCBS PUBLISHERS _c1988 |
||
| 300 | _aXXIV, 861P | ||
| 942 |
_cBK _2ddc |
||
| 999 |
_c579988 _d579988 |
||